00456 2200181 4500001002100000005001500021008004100036020002200077035001900099041000600118082001000124090001600134100001900150245003400169260002300203300003500226650001300261INLIS00000000000295920241224112631241224||||||||| | ||| |||| ||  a978-979-071-035-1 0010-1224002959 a00 a639.5 a639.5 TIM t0 aTim Karya Tani00aPedoman Budidaya Tambak Udang bNuansa Auliac2009 aviii, 160 hlm.; ilus.: 19,5 cm 0aBudidaya